Statistiques concernant On va jouer à un jeu. Essayer de trouvez les noms de tous les personnages et personnes. Si vous en avez envie, je ne vous y oblige pas..

Cliquez ici pour prendre le quiz!

Statistiques générales

  • Ce quiz a été pris 362 fois
    (331 depuis la dernière actualisation)
  • Le résultat moyen est 11 sur 23

Statistiques - réponses

Définitions Réponses % Correct
Personnage de l'univers Nintendo qui pond des oeufs. Et en plus c'est un dinosaure avec une langue qui peut être étiré très longue. Qu'est-ce qu'il ont fumés chez Nintendo c'est n'importe quoi. Quoi Que en réfléchissant bien sa peut servir.Yoshi
89%
Le frère jumeau de Dupond dans Tintin. Je me demande comment ils se seront fais appelé si à la place c'était deux jumelles, j'ai une petite idée mais j'hésite à le dire.Dupont
77%
Un petit enfant noir qui a la taille d'une souris. Tout d'un coup j'ai envie de chanter je ne sais pas pourquoi.Kirikou
75%
Une souris très connus de chez Disney que tu peux le rencontrer dans les parc Disneyland et qui t'attend.Mickey Mouse
74%
Un garçon avec une mèche blonde, non je plaisante, c'est l'amoureuse de Titeuf.. Je le plains sa fera longtemps que j'aurais lâché l'affaire, il ne comprend pas qu'il c'est fait Friendzoné.Nadia
72%
Un chien à trois tête de la mythologie grec.Décidément avec ses grecs.Cerbere
67%
Une voiture de course rouge de chez Disney PIXAR. Et non pas celle du chauve de tout à l'heure, il ne peut pas tout avoir quand même.Flash McQueen
61%
Un Animateur français qui avait présenté le Bigdil' sur TF1. Bip! Bip! OUAI!!!! Il se prend dans bip-bip et coyote ou quoi!Vincent Lagaf'
56%
Un acteur chauve américain qui pilote des voitures rapides. Ah... c'est sûr que sans cheveux il peux allez que plus vite en voiture surtout si elle est décapoltable sa voiture.Vin Diesel
51%
Un chanteur décédé qui brûla un billet de franc. Ah bon ce n'était pas un billet du Monopoly.Serge Gainsbourg
51%
Un monstre poilu bleu de chez Disney PIXAR qui effraie des enfants à travers différentes portes. Bonjour les enfants vous voulez des bonbons ? C'est quoi son problème à celui-là.Sullivan
49%
Un petit garçon robot avec des fusées aux pieds. Ah... c'était le bon temps des dessins animés. Je m'en rappel Club Dorothé tatata.Astro
48%
Un chanteur français qui aime beaucoup Valérie.C'est quoi ce prénom, est-ce que ce chanteur ce tape des cougars ?Keen'v
44%
Un hérisson de chez SEGA pas le bleu, ni le rouge mais le noir. tu sais là... l'emmerdeur.là.Shadow
41%
Un héro grec de chez Disney et pas QUE, ainsi que son cheval ailé. Et non ce n'est pas Nikos Aliagas sur une licorne.Hercule Pégase
37%
Une miss France devenue Miss Univers l'année dernière.C'est vrai qu'elle est jolie, plus jolie que Geneviève De Fontenay, ça c'est sûr. Quoi Que...Iris Mittenaere
36%
La personne qui vient sois disant te chercher quand tu ne vis plus. Perso je ne l'ai pas encore vu et je l'attend de pieds fermes.La Mort
36%
Le méchant de chez Nintendo qui veut conquérir Hyrule. Et non Zelda ce n'est pas le héro du jeu bordel, Zelda c'est la princesse mettez-vous ça bien dans votre crâne une bonne fois pour toute.Ganondorf
33%
Un gros chien rouge qui fait la taille d'une maison. J'imagine pas la grosseur de ses grottes à ce cabot, excusez-moi je crois que je vais vomir, Beurk!!!!Clifford
30%
Le personnage qui apparaissait à la TV lors de la PUB pour les batonnet de poisson.Croustibat
29%
Le chasseur qui chasse Bugs Bunny.Quoi de neuf Docteur ? LA FERME!!!Elmer
22%
Le personnage de chez Marvel qui est l'ennemi juré de Wolverine. Et dire combien il a d'ennemis celui-là.Dents-De-Sabres
7%
L'un des héros de GTA V qui s'habille comme un porc.ou de temps en temps avec une robe.Trevor Philips
4%

Distribution des résultats

Percentile by Number Answered

% des personnes avec chaque résultat

Votre développement - résultats

Vous n’avez pas pris ce quiz depuis la dernière actualisation